Statistics for Столицы зависимых территорий и колоний Северной Америки

Click here to take the quiz!

General Stats

  • This quiz has been taken 4 times
    (2 since last reset)
  • The average score is 4 of 16

Answer Stats

ТерриторияСтолица% Correct
8Гренландия (Дания)Нуук
100%
1Ангилья (Великобритания)Валли
50%
3Виргинские Острова (Великобритания)Род-Таун
50%
5Монтсеррат (Великобритания) (де-юре)Плимут
50%
11Пуэрто-Рико (США)Сан-Хуан
50%
12Гваделупа (Франция)Бас-Тер
50%
16Сен-Пьер и Микелон (Франция)Сен-Пьер
50%
2Бермудские острова (Великобритания)Гамильтон
0%
4Каймановы острова (Великобритания)Джорджтаун
0%
6Монтсеррат (Великобритания) (де-факто)Брейдс
0%
7Теркс и Кайкос (Великобритания)Коберн-Таун
0%
9Сан-Андрес-и-Провиденсия (Колумбия)Сан-Андрес
0%
10Виргинские Острова (США)Шарлотта-Амалия
0%
13Мартиника (Франция)Фор-де-Франс
0%
14Сен-Бартелеми (Франция)Густавия
0%
15Сен-Мартен (Франция)Мариго
0%

Score Distribution

Percentile by Number Answered

Percent of People with Each Score

Your Score History

You have not taken this quiz since the last reset